000 00635nam a2200205 4500
001 144890
003 ES-MaACL
005 20230906201124.0
007 t|
008 070214s1963 sp r ||||1| spa d
100 1 _aSmith, Betty.
_9106852
245 1 3 _aUn árbol crece en Brooklyn
_b: novela /
_cBetty Smith ; traducción de Rojas Calvell [o Clavell?].
260 _aBarcelona :
_bMateu,
_c1963 (
_fDiamante)
300 _a399 p. ;
_c18 cm.
490 1 _aTodo para muchos ;
_v95
700 1 _aRojas Clavell.
_999064
830 0 _aTodo para muchos ;
_v95
_9181717
852 _aES-MaACL
_jC-23931
_bR.52607
999 _c144890
_d144890